Código Civil
Enregistré dans:
| Format: | Livre |
|---|---|
| Langue: | espagnol |
| Publié: |
Santiago
Juridica de Chile
1994
|
| Édition: | 12a. ed |
| Sujets: | |
| Tags: |
Ajouter un tag
Pas de tags, Soyez le premier à ajouter un tag!
|
MARC
| LEADER | 00000nam a2200000 a 4500 | ||
|---|---|---|---|
| 001 | UCX8724 | ||
| 003 | CL-VaPUC | ||
| 008 | 940421e19940000CL |||||||||||||||||spa|d | ||
| 082 | 0 | 4 | |a 346.83 |b COD |2 21 |
| 245 | 1 | 0 | |a Código Civil |
| 250 | |a 12a. ed | ||
| 300 | |a 574 p | ||
| 942 | |c BK | ||
| 945 | |d 19940421 00:00:00 |a aalvarez | ||
| 260 | |a Santiago |b Juridica de Chile |c 1994 | ||
| 500 | |a Mensaje del Ejecutivo al Congreso proponiendo la aprobación del código civil | ||
| 650 | 0 | |a Derecho civil |9 255013 | |
| 651 | 7 | |a CHILE |2 CL-VaPUC |9 325926 | |
| 583 | |a last modification |c 19940421 00:00:00 |k Rodrigo Vera | ||
| 999 | |c 228145 |d 228143 | ||
| 952 | |0 0 |1 0 |2 ddc |4 0 |6 346_830000000000000_COD_1994 |7 0 |8 FOND_LRYV |9 227843 |a BIBDER |b BIBDER |d 2019-11-15 |i 3083845 |o 346.83 COD 1994 |p 3083845 |r 2023-01-25 |w 2019-11-15 |y BK_X |k DER | ||
| 952 | |0 0 |1 0 |2 ddc |4 0 |6 346_830000000000000_COD_1994 |7 0 |8 FOND_LRYV |9 227844 |a BIBDER |b BIBDER |d 2019-11-15 |i 3083853 |o 346.83 COD 1994 |p 3083853 |r 2023-01-25 |w 2019-11-15 |y BK_X |k DER | ||